000 01694nam a2200229Ia 4500
008 260220t1978||||xx |||||||||||||| ||spa||
040 _aPY-SlUNAC
_bspa
_erda
041 _aspa
082 _a634.956
_bP749m
245 0 _aManual de inventarios forestales
264 _aAsunción :
_bNaciones Unidas,
_c℗1978.
300 _a1 volumen
520 _aEl "Manual de inventarios forestales", publicado por las Naciones Unidas en 1978, es una guía integral que aborda las metodologías y técnicas para la realización de inventarios de recursos forestales. Su objetivo principal es proporcionar a los profesionales del sector forestal herramientas y procedimientos sistemáticos para evaluar y gestionar de manera sostenible los bosques. El manual detalla aspectos como la planificación del inventario, la selección de métodos de muestreo, la recolección y análisis de datos, así como la interpretación de resultados. Además, enfatiza la importancia de la precisión en la medición de variables forestales, como la biomasa, la biodiversidad y la salud del ecosistema. A través de ejemplos prácticos y estudios de caso, el manual busca fomentar la adopción de prácticas adecuadas que contribuyan a la conservación y manejo responsable de los recursos forestales. Su enfoque multidisciplinario destaca la interconexión entre la ecología, la economía y la política en la gestión de los bosques a nivel global.
653 _aGestión ambiental
653 _aInventarios
653 _aRecursos forestales
942 _b2026/02/17
_cBK
999 _c8687
_d8687